| 000 | 00572cab a2200229 4500 | ||
|---|---|---|---|
| 001 | ABS60204 | ||
| 008 | 090401t1999 xxu||||| |||| 00| 0 eng d | ||
| 035 | _a(Sirsi) u99761 | ||
| 041 | _aeng | ||
| 100 | _aBrock, J. | ||
| 245 | 4 | _aThe extent of mistake | |
| 260 | _c1999 | ||
| 350 | _a0 | ||
| 490 |
_aEstates Gazette _v(9909) 6 March 1999, 173(1) |
||
| 650 | _aKLEINWORT BENSON LTD V LINCOLN CITY COUNCIL AND OTHERS | ||
| 650 | _aLAW OF RESTITUTION | ||
| 650 | _aMISTAKES OF LAW | ||
| 650 | _aPAYMENTS | ||
| 690 | _aLAW | ||
| 942 | _n0 | ||
| 948 | _c09/03/1999 | ||
| 999 |
_c59994 _d59994 |
||